Library Catalog

Wandering no more : (Record no. 492379)

MARC details
000 -LEADER
fixed length control field 01201nam a22002057a 4500
003 - CONTROL NUMBER IDENTIFIER
control field OSt
005 - DATE AND TIME OF LATEST TRANSACTION
control field 20260511094738.0
008 - FIXED-LENGTH DATA ELEMENTS--GENERAL INFORMATION
fixed length control field 260424b |||||||| |||| 00| 0 eng d
020 ## - INTERNATIONAL STANDARD BOOK NUMBER
International Standard Book Number 9786277651022
040 ## - CATALOGING SOURCE
Original cataloging agency Kenya National Library Service
082 ## - DEWEY DECIMAL CLASSIFICATION NUMBER
Classification number 813.6 WAR
100 ## - MAIN ENTRY--PERSONAL NAME
Personal name Ward, Randi D.
245 ## - TITLE STATEMENT
Title Wandering no more :
Remainder of title exploring life's journey is thrilling yet tough, finding your path means you have successfully fulfilled your destiny at last /
Statement of responsibility, etc. Randi D. Ward.
300 ## - PHYSICAL DESCRIPTION
Extent xiv, 239 pages ;
Dimensions 21 cm
520 ## - SUMMARY, ETC.
Summary, etc. The book is an inspirational African animal story but it is also about the love of a young couple and their family, true friendship, genuine moral values and kindness, successful business practices and Kenyan, British and American cultures. The story centers on overcoming uncertainty and finding purpose through travel, friendship, and life-changing experiences. As the characters face challenges in unfamiliar places, they learn important lessons about resilience, connection, and protecting the world around them.
650 ## - SUBJECT ADDED ENTRY--TOPICAL TERM
Topical term or geographic name entry element Intercultural friendship — Fiction
650 ## - SUBJECT ADDED ENTRY--TOPICAL TERM
Topical term or geographic name entry element Animal conservation — Fiction
942 ## - ADDED ENTRY ELEMENTS (KOHA)
Source of classification or shelving scheme Dewey Decimal Classification
Koha item type Books
Suppress in OPAC No
Holdings
Withdrawn status Source of classification or shelving scheme Damaged status Not for loan Home library Current library Date acquired Source of acquisition Cost, normal purchase price Total checkouts Full call number Barcode Date last seen Price effective from Koha item type
  Dewey Decimal Classification     Buru Buru Library Acquisition, Cataloguing, Classification and Distribution Development 04/24/2026 DON 800.00   813.6 WAR B227633 04/24/2026 04/24/2026 Books
  Dewey Decimal Classification     Preservation, Conservation & Publication Acquisition, Cataloguing, Classification and Distribution Development 04/24/2026 DON 800.00   813.6 WAR B227507 04/24/2026 04/24/2026 Books

© 2025, Kenya National Library Service | Designed & Maintained by Uvumbuzi Center